Stink y el increíble rompemuelas supergaláctico /

El increíble caramelo Rompemuelas Supergaláctico que Stink se compró no funciona: no le rompió ni una sola muela. Stink le escribe una carta al fabricante para quejarse...¡y la respuesta que recibe es fantástica! Le envían (gratis) una enorme caja repleta de caramelos y dulces de todo tipo. Stink es...

Descripción completa

Guardado en:
Autor Principal: McDonald, Megan.
Otros Autores: Reynolds, Peter H.; il.
Formato: Libro
Idioma:Undetermined
Publicado: Buenos Aires : Alfaguara, 2008.
Edición:1a. ed.
Materias:
Etiquetas: Agregar Etiqueta
Sin Etiquetas, Sea el primero en etiquetar este registro!
LEADER 01205nam a22002415a 4500
001 CEM.cems020273
008 230731s2008####ag############000#0#und#d
005 20230801172953.0
245 1 0 |a Stink y el increíble rompemuelas supergaláctico /  |c Megan McDonald; ilustrado por Peter H. Reynolds. 
250 |a 1a. ed. 
260 |a Buenos Aires :  |b Alfaguara,  |c 2008. 
300 |a 128 p. 
520 |a El increíble caramelo Rompemuelas Supergaláctico que Stink se compró no funciona: no le rompió ni una sola muela. Stink le escribe una carta al fabricante para quejarse...¡y la respuesta que recibe es fantástica! Le envían (gratis) una enorme caja repleta de caramelos y dulces de todo tipo. Stink está tan contento que decide escribir más y más cartas. Pero le trae algunos problemas... 
020 |a 978970410621 
100 1 |a McDonald, Megan. 
700 1 |a Reynolds, Peter H.; il. 
653 |a Literatura estadounidense 
653 |a Literatura infantil 
653 |a Novela infantil 
653 |a Novela 
653 |a Novela estadounidense 
859 |a CEMS  |b BIB. CEMS - Inicial y Primaria  |h 818.3  |i M459-1  |k IP  |p 3734  |t Ej.1 
859 |a CEMS  |b BIB. CEMS - Inicial y Primaria  |h 818.3  |i M459-1  |k IP  |p 3735  |t Ej.2